Компьютерные, сетевые и информационные технологии: электронный курс
| 1. Verfasser: | |
|---|---|
| Körperschaft: | |
| Zusammenfassung: | Заглавие с экрана Компьютерные технологии в настоящее время широко внедрены во все сферы жизни, в том числе в науку и образование. Одним из инструментов компьютерных технологий является программирование, без которого немыслимо само создание компьютерных приложений. Настоящая дисциплина посвящена описанию основ программирования на современном языке С++ и его приложению в технике высоких напряжений.Основной целью курса является освоение студентами языка С++ в его Borland реализации и на его основе овладение основными приёмами и методами программирования и алгоритмизации. Изучение дисциплины "Компьютерные, сетевые и информационные технологии" опирается на знания, умения и навыки, которые студенты должны получить при изучении дисциплины Информатика. Знания, умения и навыки, полученные при изучении дисциплины "Компьютерные, сетевые и информационные технологии", должны быть применены при изучении дисциплины "Дополнительные главы математики" и в научно-исследовательской работе магистранта. Доступ по логину и паролю |
| Sprache: | Russisch |
| Veröffentlicht: |
Томск, TPU Moodle, 2014
|
| Schlagworte: | |
| Online-Zugang: | http://design.lms.tpu.ru/enrol/index.php?id=378 |
| Format: | MixedMaterials Elektronisch Buch |
| KOHA link: | https://koha.lib.tpu.ru/cgi-bin/koha/opac-detail.pl?biblionumber=651651 |
MARC
| LEADER | 00000nlm0a2200000 4500 | ||
|---|---|---|---|
| 001 | 651651 | ||
| 005 | 20250514110122.0 | ||
| 035 | |a (RuTPU)RU\TPU\network\16900 | ||
| 035 | |a RU\TPU\network\16896 | ||
| 090 | |a 651651 | ||
| 100 | |a 20161117d2014 m y0rusy50 ca | ||
| 101 | 0 | |a rus | |
| 102 | |a RU | ||
| 105 | |a a j 000zy | ||
| 135 | |a jrcn ---uucaa | ||
| 181 | 0 | |a i | |
| 182 | 0 | |a b | |
| 200 | 1 | |a Компьютерные, сетевые и информационные технологии |e электронный курс |d Computer Network and Information Technology |f А. С. Юдин |g Национальный исследовательский Томский политехнический университет (ТПУ) | |
| 203 | |a Текст |c электронный | ||
| 210 | |a Томск |c TPU Moodle |d 2014 | ||
| 300 | |a Заглавие с экрана | ||
| 330 | |a Компьютерные технологии в настоящее время широко внедрены во все сферы жизни, в том числе в науку и образование. Одним из инструментов компьютерных технологий является программирование, без которого немыслимо само создание компьютерных приложений. Настоящая дисциплина посвящена описанию основ программирования на современном языке С++ и его приложению в технике высоких напряжений.Основной целью курса является освоение студентами языка С++ в его Borland реализации и на его основе овладение основными приёмами и методами программирования и алгоритмизации. Изучение дисциплины "Компьютерные, сетевые и информационные технологии" опирается на знания, умения и навыки, которые студенты должны получить при изучении дисциплины Информатика. Знания, умения и навыки, полученные при изучении дисциплины "Компьютерные, сетевые и информационные технологии", должны быть применены при изучении дисциплины "Дополнительные главы математики" и в научно-исследовательской работе магистранта. | ||
| 333 | |a Доступ по логину и паролю | ||
| 510 | 1 | |a Computer Network and Information Technology |z eng | |
| 606 | 1 | |a Информационные технологии |x Вычислительная техника |2 stltpush |3 (RuTPU)RU\TPU\subj\36205 |9 57667 | |
| 610 | 1 | |a электронный ресурс | |
| 610 | 1 | |a труды учёных ТПУ | |
| 610 | 1 | |a учебные пособия | |
| 610 | 1 | |a электронные курсы ТПУ | |
| 610 | 1 | |a компьютерные технологии | |
| 610 | 1 | |a программирование | |
| 610 | 1 | |a С++ | |
| 610 | 1 | |a приложения | |
| 610 | 1 | |a сетевые технологии | |
| 610 | 1 | |a электронные учебные пособия | |
| 675 | |a 004(075.8) |v 4 | ||
| 700 | 1 | |a Юдин |b А. С. |c специалист в области электрофизики |c научный сотрудник Томского политехнического университета, кандидат технических наук |f 1984- |g Артём Сергеевич |3 (RuTPU)RU\TPU\pers\30035 |9 14469 | |
| 712 | 0 | 2 | |a Национальный исследовательский Томский политехнический университет (ТПУ) |c (2009- ) |3 (RuTPU)RU\TPU\col\15902 |
| 801 | 2 | |a RU |b 63413507 |c 20170116 |g RCR | |
| 850 | |a 63413507 | ||
| 856 | 4 | |u http://design.lms.tpu.ru/enrol/index.php?id=378 | |
| 942 | |c CF | ||